| 000 | 00379cam a2200157ua 4500 | ||
|---|---|---|---|
| 041 |
_aeng _h |
||
| 082 |
_a541.3 _bPAH/PH |
||
| 100 | _aPahari, S. | ||
| 245 |
_aPhysical chemistry, Vol.1 / _cS.Pahari. _hTextual Documents |
||
| 250 |
_a2 / _b. |
||
| 260 |
_aKolkata : _bNew Central Book Agency , _c2004. |
||
| 300 | _a ; . | ||
| 504 | _a | ||
| 942 | _cBK | ||
| 999 |
_c13504 _d13504 |
||